[Event "GER-ch U16 Girls"]
[Site "Willingen"]
[Date "2019.06.13"]
[Round "7"]
[White "Schneider, Katharina"]
[Black "Klemke, Kassandra"]
[Result "0-1"]
[WhiteElo "1784"]
[BlackElo "1662"]
[PlyCount "100"]
[EventDate "2019.06.08"]
[EventType "swiss"]
[EventRounds "9"]
[EventCountry "GER"]
[SourceTitle "CBM 191 Extra"]
[Source "ChessBase"]
[SourceDate "2019.09.30"]
[SourceVersion "1"]
[SourceVersionDate "2019.09.30"]
[SourceQuality "1"]

1. e4 c5 2. Nf3 d6 3. d4 cxd4 4. Nxd4 Nf6 5. Nc3 a6 6. f3 e6 7. Be3 b5 8. Qd2 Nfd7 9. 0-0-0 Nb6 10. g4 N8d7 11. h4 Ne5 12. b3 Bb7 13. g5 Rc8 14. f4 Ned7 15. Bg2 Qc7 16. Nce2 d5 17. e5 Be7 18. h5 Nc5 19. Rdf1 Ne4 20. Bxe4 dxe4 21. g6 Nd5 22. gxf7+ Kxf7 23. Bg1 Bb4 24. Qd1 Nc3 25. Nxe6 Ba3+ 26. Kd2 Qd7+ 27. N6d4 Nxd1 28. e6+ Qxe6 29. Nxe6 e3+ 30. Bxe3 Nxe3 31. Ng5+ Ke7 32. Kxe3 Bxh1 33. Rxh1 Rxc2 34. Nd4 Rc5 35. Nge6 Rd5 36. Nxg7 Bc5 37. Nge6 Bxd4+ 38. Nxd4 Re8 39. Nc6+ Kf6+ 40. Ne5 Red8 41. a3 Rc5 42. Rb1 Kf5 43. Ke2 Rc2+ 44. Ke3 Rc3+ 45. Ke2 Kxf4 46. Nf7 Rc2+ 47. Ke1 Rdd2 48. a4 Rh2 49. Kd1 Rcg2 50. axb5 Rg1# 0-1

[Event "GER-ch U16 Girls"]
[Site "Willingen"]
[Date "2019.06.12"]
[Round "6"]
[White "Klemke, Kassandra"]
[Black "Khamenya, Vitalia"]
[Result "0-1"]
[WhiteElo "1662"]
[BlackElo "1877"]
[PlyCount "42"]
[EventDate "2019.06.08"]
[EventType "swiss"]
[EventRounds "9"]
[EventCountry "GER"]
[SourceTitle "CBM 191 Extra"]
[Source "ChessBase"]
[SourceDate "2019.09.30"]
[SourceVersion "1"]
[SourceVersionDate "2019.09.30"]
[SourceQuality "1"]

1. e4 e5 2. Nf3 Nc6 3. Nc3 Nf6 4. d4 Bb4 5. Bg5 h6 6. Bxf6 Qxf6 7. dxe5 Nxe5 8. Nxe5 Qxe5 9. Qf3 d5 10. 0-0-0 Qg5+ 11. Kb1 Bg4 12. Rxd5 Bxf3 13. Rxg5 hxg5 14. gxf3 0-0-0 15. Bd3 Bxc3 16. bxc3 Rh3 17. Be2 Rd2 18. Bc4 Rxf3 19. h4 g4 20. Rg1 Rf4 21. Bd3 Rdxf2 0-1

[Event "GER-ch U16 Girls"]
[Site "Willingen"]
[Date "2019.06.10"]
[Round "3"]
[White "Klemke, Kassandra"]
[Black "Glinzner, Alva"]
[Result "1/2-1/2"]
[WhiteElo "1662"]
[BlackElo "1810"]
[PlyCount "93"]
[EventDate "2019.06.08"]
[EventType "swiss"]
[EventRounds "9"]
[EventCountry "GER"]
[SourceTitle "CBM 191 Extra"]
[Source "ChessBase"]
[SourceDate "2019.09.30"]
[SourceVersion "1"]
[SourceVersionDate "2019.09.30"]
[SourceQuality "1"]

1. e4 c5 2. Nf3 e6 3. d4 cxd4 4. Nxd4 a6 5. Nc3 Qc7 6. g3 Bb4 7. Bd2 Nf6 8. Bg2 0-0 9. 0-0 Be7 10. Re1 d6 11. Qe2 Nbd7 12. Rad1 Rb8 13. Nf3 b5 14. e5 dxe5 15. Nxe5 Nxe5 16. Qxe5 Bd6 17. Qe2 Bb7 18. Bg5 Bxg2 19. Kxg2 Be7 20. Bf4 Qc6+ 21. Kg1 Rbc8 22. Rd2 Bb4 23. Be5 Ne8 24. Qg4 Be7 25. Red1 Bf6 26. Bxf6 Nxf6 27. Qf4 Qb7 28. a3 h6 29. h4 Qb6 30. Rd6 Qb8 31. Qd4 Qa8 32. Qb6 Ne4 33. Nxe4 Qxe4 34. c3 Ra8 35. Qd4 Qc2 36. Qd2 Qf5 37. Kg2 Qh5 38. Qd4 Qg6 39. Qd3 Qf6 40. Qd4 Qf5 41. Rb6 Qh5 42. Rd2 Qg6 43. Qd6 Qf6 44. Qd3 Qe7 45. Rd6 Qb7+ 46. Kh2 Qc7 47. Qd4 1/2-1/2

[Event "GER-ch U16 Girls"]
[Site "Willingen"]
[Date "2019.06.09"]
[Round "1"]
[White "Klemke, Kassandra"]
[Black "Genova, Magdalina"]
[Result "1-0"]
[WhiteElo "1662"]
[BlackElo "1421"]
[PlyCount "101"]
[EventDate "2019.06.08"]
[EventType "swiss"]
[EventRounds "9"]
[EventCountry "GER"]
[SourceTitle "CBM 191 Extra"]
[Source "ChessBase"]
[SourceDate "2019.09.30"]
[SourceVersion "1"]
[SourceVersionDate "2019.09.30"]
[SourceQuality "1"]

1. e4 c5 2. Nf3 d6 3. d4 cxd4 4. Nxd4 Nf6 5. Nc3 a6 6. Bg5 e6 7. f4 Be7 8. Qf3 Qc7 9. 0-0-0 h6 10. Bh4 b5 11. Bd3 Bb7 12. Rhe1 Nbd7 13. Qg3 0-0 14. e5 dxe5 15. fxe5 Nd5 16. Nxd5 Bxh4 17. Nxc7 Bxg3 18. hxg3 Rac8 19. Nxa6 Bxa6 20. Bxb5 Nc5 21. Bxa6 Nxa6 22. a3 Rc7 23. Nb5 Rc6 24. Nd6 Rb8 25. Rf1 Rc7 26. Rf3 Nc5 27. Kb1 Na4 28. Rb3 Rxb3 29. cxb3 Nb6 30. Rc1 Ra7 31. Nc8 Rb7 32. Nxb6 Rxb6 33. b4 Kf8 34. Rc4 Rb5 35. Rc5 Rb7 36. Kc2 Rd7 37. b5 f6 38. b6 Rb7 39. Rb5 fxe5 40. a4 e4 41. a5 e3 42. Re5 Ke7 43. Rxe3 Kd6 44. b4 Kc6 45. Rxe6+ Kb5 46. Kb3 Rd7 47. Re5+ Ka6 48. Rc5 Kb7 49. Rc7+ Rxc7 50. bxc7 Kxc7 51. Kc4 1-0

[Event "BL2 Ost 1718 (Women)"]
[Site "Germany"]
[Date "2017.10.15"]
[Round "2.6"]
[White "Neumeyer, Hannelore"]
[Black "Klemke, Kassandra"]
[Result "0-1"]
[WhiteElo "1919"]
[BlackElo "1371"]
[PlyCount "92"]
[EventDate "2017.10.14"]
[EventType "team-tourn"]
[EventRounds "7"]
[EventCountry "GER"]
[SourceTitle "EXT 2019"]
[Source "ChessBase"]
[SourceDate "2018.10.10"]
[SourceVersion "1"]
[SourceVersionDate "2018.10.10"]
[SourceQuality "1"]
[WhiteTeam "Leipzig Lindenau (W)"]
[BlackTeam "Dresden USV TU (W)"]
[WhiteTeamCountry "GER"]
[BlackTeamCountry "GER"]

1. d4 Nf6 2. Nc3 d5 3. e4 dxe4 4. f3 exf3 5. Nxf3 e6 6. Bc4 Bb4 7. 0-0 0-0 8. a3 Be7 9. Bd3 c5 10. Kh1 Nc6 11. dxc5 Bxc5 12. Bg5 Be7 13. Qe1 Qc7 14. Rd1 h6 15. Bh4 Qa5 16. Qe2 Qh5 17. Bxf6 Bxf6 18. Qe4 Qf5 19. Qe2 Qh5 20. g4 Qxg4 21. Rg1 Qh5 22. Ne4 Be7 23. Ng3 Qc5 24. Qg2 g5 25. Ne4 Qa5 26. b4 Qd8 27. Nexg5 Kh8 28. Nxe6 Rg8 29. Nxd8 Rxg2 30. Rxg2 Bxd8 31. Rdg1 Ne7 32. c4 a5 33. Nd4 axb4 34. axb4 b6 35. Be4 Ra4 36. Rf1 f5 37. Nxf5 Nxf5 38. Bd5 Bg5 39. h4 Nxh4 40. Rf8+ Kg7 41. Rf7+ Kg6 42. Rg1 Rxb4 43. Rgf1 Bf5 44. Rb7 Rb3 45. Rd1 Rh3+ 46. Kg1 Be3+ 0-1

[Event "GER-ch U10"]
[Site "Oberhof"]
[Date "2013.05.20"]
[Round "3"]
[White "Rizo Wellmann, Darja"]
[Black "Klemke, Kassandra"]
[Result "0-1"]
[WhiteElo "956"]
[BlackElo "1163"]
[PlyCount "72"]
[EventDate "2013.05.19"]
[EventType "swiss"]
[EventRounds "11"]
[EventCountry "GER"]
[SourceTitle "CBM 154 Extra"]
[Source "ChessBase"]
[SourceDate "2013.06.25"]
[SourceVersion "2"]
[SourceVersionDate "2013.06.25"]
[SourceQuality "1"]

1. e4 e6 2. d4 d5 3. e5 c5 4. c3 Nc6 5. Nf3 Qb6 6. Bd3 Nge7 7. 0-0 Nf5 8. Bxf5 exf5 9. b3 Be7 10. Bg5 Bxg5 11. Nxg5 h6 12. Nf3 Be6 13. Nbd2 cxd4 14. cxd4 Nxd4 15. Nxd4 Qxd4 16. Nf3 Qb6 17. Re1 0-0 18. Rc1 Rac8 19. Nd4 Rxc1 20. Qxc1 Qxd4 21. Qc7 Qb4 22. Rd1 Rc8 23. Qe7 Qxe7 24. Kf1 Qb4 25. Re1 Qb5+ 26. Kg1 Qc5 27. Kf1 d4 28. Ke2 Qc2+ 29. Kf1 d3 30. g3 d2 31. Re2 Qd1+ 32. Re1 Qxe1+ 33. Kg2 Qe4+ 34. Kh3 f4+ 35. g4 Qf3+ 36. Kh4 Qxg4# 0-1

[Event "Sachsen-ch U10 Girls"]
[Site "Sebnitz"]
[Date "2013.04.03"]
[Round "3"]
[White "Bui, Ngoc Han Julia"]
[Black "Klemke, Kassandra"]
[Result "1-0"]
[WhiteElo "948"]
[BlackElo "960"]
[PlyCount "31"]
[EventDate "2013.04.02"]
[EventType "swiss"]
[EventRounds "7"]
[EventCountry "GER"]
[SourceTitle "EXT 2014"]
[Source "ChessBase"]
[SourceDate "2013.11.20"]
[SourceVersion "1"]
[SourceVersionDate "2013.11.20"]
[SourceQuality "1"]

1. e4 e5 2. Nf3 Nc6 3. d4 exd4 4. Nxd4 Bc5 5. Be3 Nf6 6. Nxc6 bxc6 7. Bxc5 Nxe4 8. Qe2 d6 9. Qxe4+ Qe7 10. Qxe7+ Kxe7 11. Be3 Re8 12. Bd3 g6 13. 0-0 Rb8 14. b3 Rb7 15. Re1 Kf8 16. Bh6+ 1-0

[Event "Sachsen-ch U10 Girls"]
[Site "Sebnitz"]
[Date "2012.04.12"]
[Round "4"]
[White "Klemke, Kassandra"]
[Black "Bui, Julia"]
[Result "0-1"]
[WhiteElo "843"]
[BlackElo "938"]
[PlyCount "110"]
[EventDate "2012.04.10"]
[EventType "swiss"]
[EventRounds "7"]
[EventCountry "GER"]
[SourceTitle "CBM 148 Extra"]
[Source "ChessBase"]
[SourceDate "2012.06.22"]
[SourceVersion "1"]
[SourceVersionDate "2012.06.22"]
[SourceQuality "1"]

1. e4 e6 2. Nf3 d5 3. d3 c5 4. Nc3 Nc6 5. Be2 Nf6 6. Be3 d4 7. Bd2 dxc3 8. Bxc3 Be7 9. h3 0-0 10. 0-0 Nd4 11. a3 Nxf3+ 12. Bxf3 Qc7 13. e5 Nd5 14. Be4 Nxc3 15. bxc3 Qxe5 16. Qf3 Bd6 17. g3 Bd7 18. Rad1 Rab8 19. d4 cxd4 20. cxd4 Qb5 21. Rb1 Qa5 22. Bxb7 Bxa3 23. Rfd1 Bd6 24. Ra1 Qf5 25. Qxf5 exf5 26. Bf3 Rfc8 27. Rdc1 Rc4 28. c3 Rbc8 29. Rxa7 Be6 30. d5 Rxc3 31. Rxc3 Rxc3 32. Kg2 Bc8 33. Ra1 g6 34. Rb1 Kg7 35. Rb6 Bc5 36. Rc6 Bb7 37. Rc7 Ba6 38. Rc6 Bb5 39. Rc7 Rc2 40. h4 Rxf2+ 41. Kh3 Bf1+ 42. Bg2 Bxg2+ 43. Kh2 Bxd5+ 44. Kg1 Rc2+ 45. Kf1 Kf6 46. Rd7 Bc4+ 47. Ke1 Bb4+ 48. Kd1 Rc3 49. Rd2 Rd3 50. Rxd3 Bxd3 51. Kc1 g5 52. hxg5+ Kxg5 53. Kb2 Kg4 54. Kb3 Be1 55. Kb2 Kxg3 0-1